| 000 | 00399pab a2200169 454500 | ||
|---|---|---|---|
| 008 | 180718b2012 xxu||||| |||| 00| 0 eng d | ||
| 100 | _aMohapatra, Amiya K. | ||
| 245 | _aRural housing: The core of rural infrastructure | ||
| 260 | _c2012 | ||
| 300 | _ap.36-41. | ||
| 362 | _aOct | ||
| 650 | _aRural development | ||
| 650 | _aHousing | ||
| 773 | _aKurukshetra | ||
| 908 | _aN | ||
| 909 | _a97964 | ||
| 999 |
_c97963 _d97963 |
||